[Event "SR 3. liga A2 2011/2012"]
[Site "?"]
[Date "2011.12.11"]
[Round "5.4"]
[White "Merva, Frantisek"]
[Black "Erdos, Boglarka"]
[Result "0-1"]
[WhiteElo "2047"]
[BlackElo "2208"]
[PlyCount "161"]
[EventDate "2011.??.??"]

1. e4 e6 2. d4 d5 3. Nd2 c5 4. dxc5 Bxc5 5. Nb3 Bb6 6. exd5 exd5 7. Qe2+ Qe7 8.
Nf3 Nc6 9. c3 Bg4 10. Qxe7+ Ngxe7 11. Be2 O-O 12. h3 Bf5 13. O-O Rfe8 14. Rd1
Be4 15. Nfd4 Ng6 16. Bb5 Rac8 17. Be3 Nge5 18. Bc1 Nc4 19. Nd2 Nxd2 20. Bxd2
Re7 21. Bf4 f6 22. Nxc6 bxc6 23. Ba4 c5 24. b4 cxb4 25. cxb4 Rd8 26. Bb3 g5 27.
Be3 Bxe3 28. fxe3 Kg7 29. Rd4 Red7 30. Rc1 Kg6 31. Rc6 Rd6 32. Rc3 Kf5 33. Kf2
Ke5 34. Rc7 R6d7 35. Rc6 f5 36. b5 Rf7 37. Rd2 f4 38. Rh6 fxe3+ 39. Kxe3 Rc8
40. Rc6 Rfc7 41. Ra6 Rf8 42. Re2 Rf1 43. Kd2 Rb1 44. Ke3 Rf1 45. Kd2 Rg1 46.
Ra4 Rh1 47. Ke3 Rf1 48. Kd2 Kd6 49. h4 gxh4 50. Ra6+ Kc5 51. Rh6 Kxb5 52. Rxh4
Rg7 53. Rh5 Kc6 54. Rh6+ Kc5 55. Rh5 Kd4 56. Rh4 Kc5 57. Rh5 Rf5 58. Rh2 Rfg5
59. Bc2 Bxc2 60. Kxc2 Kc4 61. Rd2 Rg4 62. Rh5 d4 63. Ra5 Rc7 64. Rf5 Rg3 65.
Rf3 Rxf3 66. gxf3 Kd5+ 67. Kd3 Rc3+ 68. Ke2 Kc4 69. f4 Rh3 70. Rc2+ Rc3 71. Rd2
Ra3 72. Rc2+ Kd5 73. Rc7 Rxa2+ 74. Kf3 h5 75. Rh7 Ra3+ 76. Kf2 Ke4 77. Rf7 h4
78. Kg2 h3+ 79. Kh2 d3 80. f5 d2 81. Rd7 0-1

[Event "SR 3. liga A2 2011/2012"]
[Site "?"]
[Date "2011.12.11"]
[Round "5.4"]
[White "Darazs, Zoltan"]
[Black "Takacs, Laszlo"]
[Result "1-0"]
[WhiteElo "2127"]
[BlackElo "1976"]
[PlyCount "89"]
[EventDate "2011.??.??"]

1. e4 {0} c5 2. Nf3 e6 3. d4 cxd4 4. Nxd4 Nf6 5. Nc3 Nc6 6. Ndb5 d6 7. Bf4 e5
8. Bg5 a6 9. Na3 Be7 10. Nc4 b5 11. Bxf6 gxf6 12. Ne3 O-O 13. Ncd5 Kh8 14. Qh5
Qa5+ 15. c3 Be6 16. b4 Qd8 17. Be2 Rg8 18. Bg4 Rg5 19. Qh3 Bxg4 20. Nxg4 Qg8
21. Nge3 Rg6 22. Qd7 Qc8 23. Qxc8+ Rxc8 24. a4 Bf8 25. axb5 axb5 26. O-O Ne7
27. Ra7 Nxd5 28. Nxd5 Rc4 29. f3 Bh6 30. Rd1 Rg8 31. Kf2 Kg7 32. Rd3 Rgc8 33.
Ke2 R8c6 34. Kd1 Bg5 35. g3 h5 36. h4 Bh6 37. Kc2 Rd4 38. Ne7 Rxd3 39. Kxd3 Rb6
40. g4 hxg4 41. fxg4 Bc1 42. Ra8 f5 43. gxf5 Bf4 44. f6+ Kh7 45. Rf8 1-0

[Event "SR 3. liga A2 2011/2012"]
[Site "?"]
[Date "2011.12.11"]
[Round "5.4"]
[White "Csefalvay, Stefan"]
[Black "Meszaros, Lorant"]
[Result "0-1"]
[WhiteElo "1916"]
[BlackElo "2053"]
[PlyCount "106"]
[EventDate "2011.??.??"]

1. d4 {0} f5 2. Nf3 Nf6 3. g3 g6 4. Bg2 Bg7 5. O-O O-O 6. Bg5 Ne4 7. c3 h6 8.
Bf4 d6 9. h4 Qe8 10. Qb3+ Kh7 11. d5 c5 12. Nbd2 Nf6 13. Rae1 Nh5 14. e4 Nxf4
15. gxf4 Nd7 16. e5 Qd8 17. Re3 Nb6 18. c4 e6 19. Rd3 exd5 20. cxd5 Qc7 21. Nc4
Nxc4 22. Qxc4 Bd7 23. Re1 a6 24. Rde3 b5 25. Qc2 Rae8 26. a3 a5 27. Rc1 dxe5
28. fxe5 Bxe5 29. Nxe5 Rxe5 30. Rxe5 Qxe5 31. Qxc5 Rc8 32. Qxc8 Bxc8 33. Rxc8
Kg7 34. Rc6 Qe1+ 35. Bf1 Qe4 36. Rc7+ Kf8 37. d6 Qg4+ 38. Bg2 Qd1+ 39. Bf1 Qxd6
40. Rc8+ Kg7 41. Bxb5 Qd1+ 42. Bf1 Qg4+ 43. Bg2 f4 44. Rc4 Qxh4 45. b4 axb4 46.
axb4 Qf6 47. Bf3 Qg5+ 48. Kf1 Qb5 49. Be2 Qd5 50. f3 g5 51. Kf2 Kf6 52. b5 h5
53. b6 Qd6 0-1

[Event "SR 3. liga A2 2011/2012"]
[Site "?"]
[Date "2011.12.11"]
[Round "5.4"]
[White "Szitasi, Janos"]
[Black "Feher, Tibor"]
[Result "1-0"]
[WhiteElo "1996"]
[BlackElo "1802"]
[PlyCount "120"]
[EventDate "2011.??.??"]

1. e4 {0} e5 {0} 2. Nf3 Nf6 3. Nxe5 d6 4. Nf3 Nxe4 5. d4 Be7 6. Bd3 Nf6 7. O-O
O-O 8. c4 Re8 9. h3 b6 10. d5 c5 11. Qc2 h6 12. Nc3 Bb7 13. Bf4 Bf8 14. Rfe1 a6
15. a4 Rxe1+ 16. Rxe1 Bc8 17. Bf5 Bxf5 18. Qxf5 Ra7 19. Nd2 Re7 20. Rxe7 Qxe7
21. Qc8 Qe1+ 22. Nf1 Nbd7 23. Qxa6 g5 24. Bd2 Qe5 25. a5 bxa5 26. Qxa5 Ne4 27.
Nxe4 Qxe4 28. b3 Ne5 29. Qa1 Qc2 30. Qc3 Qb1 31. Qe3 Bg7 32. Bc3 Qxb3 33. Bxe5
Qxe3 34. Nxe3 Bxe5 35. Nf5 h5 36. Kf1 Kf8 37. Ke2 Ke8 38. Kd3 Kd7 39. Ke4 Bb2
40. Ng3 h4 41. Nf1 Bc1 42. Nh2 Bb2 43. Kf5 f6 44. Ng4 Ke7 45. Kg6 Bd4 46. f3
Bc3 47. Ne3 Be5 48. Kg7 Ke8 49. Nf5 Kd8 50. Kf8 Kc7 51. Ke7 Kb6 52. Nxd6 Ka5
53. Ne4 Kb4 54. d6 Kxc4 55. d7 Bc7 56. d8=Q Bxd8+ 57. Kxd8 Kd4 58. Ke7 f5 59.
Nxc5 Kxc5 60. Kf6 g4 1-0

[Event "SR 3. liga A2 2011/2012"]
[Site "?"]
[Date "2011.12.11"]
[Round "5.4"]
[White "Szabo, Julius"]
[Black "Kalmar, Tamas"]
[Result "0-1"]
[WhiteElo "1721"]
[BlackElo "1842"]
[PlyCount "102"]
[EventDate "2011.??.??"]

1. e4 {0} e6 2. d4 d5 3. Nd2 dxe4 4. Nxe4 Bd7 5. Nf3 Bc6 6. Bd3 Nd7 7. Bg5 Ngf6
8. Nxf6+ gxf6 9. Bh4 Be7 10. Qe2 Nb6 11. c3 Qd5 12. Bg3 O-O-O 13. a3 e5 14.
Bf5+ Kb8 15. dxe5 Rde8 16. Rd1 Qc5 17. Be4 Bxe4 18. Qxe4 fxe5 19. O-O f6 20.
Rc1 Qc4 21. Qxc4 Nxc4 22. Rb1 e4 23. Nd4 Nd2 24. Ne6 Bd6 25. Bxd6 Rxe6 26. Bf4
Nxb1 27. Rxb1 Rd8 28. g3 Re7 29. Re1 Rd3 30. Kg2 f5 31. Be3 b6 32. h4 h5 33. c4
Kb7 34. c5 b5 35. Rc1 c6 36. Ra1 Red7 37. a4 Rd1 38. Rxd1 Rxd1 39. axb5 cxb5
40. b4 Rb1 41. Bd2 Kc6 42. Bc3 Rb3 43. Bd2 a5 44. bxa5 Kxc5 45. Kf1 b4 46. Be3+
Rxe3 47. fxe3 Kb5 48. a6 Kxa6 49. Ke2 Kb5 50. Kd2 Kc4 51. Kc2 b3+ 0-1

[Event "SR 3. liga A2 2011/2012"]
[Site "?"]
[Date "2011.12.11"]
[Round "5.4"]
[White "Szekely, Stefan"]
[Black "Kahancova, Jana"]
[Result "1-0"]
[WhiteElo "1931"]
[BlackElo "1670"]
[PlyCount "93"]
[EventDate "2011.??.??"]

1. c4 {0} e5 2. Nc3 Nf6 3. d3 d5 4. cxd5 Nxd5 5. Nf3 Nc6 6. g3 Be6 7. Bg2 Be7
8. O-O O-O 9. d4 Nxc3 10. bxc3 e4 11. Nd2 f5 12. e3 b5 13. f3 exf3 14. Qxf3 Na5
15. Qxa8 Qxa8 16. Bxa8 Rxa8 17. e4 fxe4 18. Nxe4 Bd5 19. Nd2 g6 20. a4 Bg5 21.
h4 Be3+ 22. Kh2 Re8 23. Re1 Bf7 24. axb5 Bxd2 25. Rxe8+ Bxe8 26. Bxd2 Nb3 27.
Re1 Bxb5 28. Bh6 Kf7 29. Bg5 Kf8 30. Be7+ Kf7 31. Ba3 c6 32. Re7+ Kg8 33. Rxa7
Nd2 34. Bb4 Ne4 35. g4 Nf6 36. Kg3 Be2 37. g5 Nd5 38. Ra8+ Kf7 39. Rh8 Kg7 40.
Re8 Bb5 41. Rb8 Ne3 42. Rb7+ Kg8 43. Kf4 Ng2+ 44. Ke5 Nxh4 45. Kf6 h5 46. gxh6
Bd3 47. Bd6 1-0

[Event "SR 3. liga A2 2011/2012"]
[Site "?"]
[Date "2011.12.11"]
[Round "5.4"]
[White "Matus, David"]
[Black "Fekete, Robert"]
[Result "1-0"]
[WhiteElo "1710"]
[BlackElo "1893"]
[PlyCount "45"]
[EventDate "2011.??.??"]

1. e4 {0} e6 2. d4 d5 3. Nc3 dxe4 4. Nxe4 Nc6 5. Nf3 Be7 6. Bb5 Bd7 7. O-O Nf6
8. Ng3 a6 9. Bd3 Nb4 10. Bf4 Nxd3 11. Qxd3 c5 12. dxc5 Bb5 13. Qxd8+ Rxd8 14.
Rfd1 Rxd1+ 15. Rxd1 Bxc5 16. c4 Bd7 17. Ne5 Bc8 18. Bg5 Nd7 19. Ne4 Bxf2+ 20.
Kxf2 f6 21. Nxd7 Bxd7 22. Be3 Bc6 23. Nd6+ 1-0

[Event "SR 3. liga A2 2011/2012"]
[Site "?"]
[Date "2011.12.11"]
[Round "5.4"]
[White "Both, Lajos"]
[Black "Csoltko, Fridrich"]
[Result "1-0"]
[WhiteElo "1822"]
[BlackElo "1315"]
[PlyCount "81"]
[EventDate "2011.??.??"]

1. e4 {0} e5 2. Nc3 Nc6 3. Bc4 Nf6 4. d3 h6 5. Nge2 Bc5 6. O-O O-O 7. Na4 Be7
8. Bd2 Nh5 9. f4 d6 10. f5 Bg5 11. a3 a6 12. Nac3 Nd4 13. Nxd4 exd4 14. Ne2 c5
15. c3 dxc3 16. Nxc3 Bf6 17. Qxh5 b5 18. Bd5 Ra7 19. Rab1 b4 20. Ne2 a5 21. Be3
Ba6 22. Bc4 Qb6 23. Nf4 Bb7 24. Nd5 Bxd5 25. Bxd5 Qb5 26. Bc4 Qe8 27. Rf3 Qe5
28. Rg3 Rb7 29. a4 b3 30. Bxh6 Rd7 31. Be3 Rfd8 32. Rh3 Kf8 33. Qd1 Rb8 34.
Rh8+ Ke7 35. Rxb8 Rc7 36. Qxb3 Kd7 37. Bxf7 c4 38. Bxc4 Bd8 39. Be6+ Ke7 40.
Bg5+ Kf8 41. Rxd8# 1-0

[Event "SR 3. liga A2 2011/2012"]
[Site "?"]
[Date "2012.01.08"]
[Round "6.1"]
[White "Bukovsky, Milan"]
[Black "Abel, Peter"]
[Result "0-1"]
[WhiteElo "1984"]
[BlackElo "2198"]
[PlyCount "104"]
[EventDate "2011.??.??"]

1. c4 c5 2. Nc3 Nc6 3. Nf3 g6 4. e3 Bg7 5. d4 d6 6. d5 Nb4 7. a3 Na6 8. Bd3 Nf6
9. h3 O-O 10. O-O Nc7 11. e4 a6 12. Re1 e5 13. dxe6 Nxe6 14. Be3 Bd7 15. Qd2
Qc7 16. Rad1 Rfd8 17. Bc2 Bc6 18. Nd5 Bxd5 19. exd5 Nf8 20. Bg5 Re8 21. Bh6
Bxh6 22. Qxh6 Rxe1+ 23. Rxe1 Re8 24. Rxe8 Nxe8 25. Qg5 f6 26. Qe3 Kf7 27. Ba4
Ng7 28. g4 Qa5 29. Qb3 Qc7 30. Nd2 h5 31. Ne4 b6 32. Qg3 Ke7 33. Qf4 f5 34.
Qg5+ Kf7 35. Qf6+ Kg8 36. Nxd6 hxg4 37. hxg4 fxg4 38. Ne8 Nxe8 39. Bxe8 g3 40.
d6 gxf2+ 41. Kxf2 Qg7 42. Qxg7+ Kxg7 43. d7 Ne6 44. Ke3 Kf6 45. Ke4 Ke7 46. Ke5
Nf8 47. Kd5 g5 48. Kc6 g4 49. Kc7 Ne6+ 50. Kc8 g3 51. Bg6 g2 52. Bf5 Nd8 0-1

[Event "SR 3. liga A2 2011/2012"]
[Site "?"]
[Date "2012.01.08"]
[Round "6.1"]
[White "Mihalik, Anton"]
[Black "Svoboda, Adam"]
[Result "1-0"]
[WhiteElo "1965"]
[BlackElo "1967"]
[PlyCount "63"]
[EventDate "2011.??.??"]

1. c4 e6 2. Nc3 Nf6 3. Nf3 d5 4. d4 c6 5. e3 a6 6. Bd3 dxc4 7. Bxc4 b5 8. Bd3
c5 9. O-O Bb7 10. a3 Nc6 11. dxc5 Bxc5 12. b4 Be7 13. Bb2 O-O 14. Rc1 Qb6 15.
Qe2 Rfd8 16. Rfd1 Rac8 17. Ne4 Nxe4 18. Bxe4 Rxd1+ 19. Qxd1 h6 20. Bb1 Bf6 21.
Bxf6 gxf6 22. Qd3 f5 23. h3 Rd8 24. Qc3 Ne7 25. Qf6 Ng6 26. Bxf5 Bxf3 27. Bxg6
fxg6 28. Qxg6+ Kf8 29. Qxh6+ Ke7 30. Qg7+ Kd6 31. gxf3 Re8 32. Rd1+ 1-0

[Event "SR 3. liga A2 2011/2012"]
[Site "?"]
[Date "2012.01.08"]
[Round "6.1"]
[White "Sturdik, Igor"]
[Black "Manak, Adrian"]
[Result "1/2-1/2"]
[WhiteElo "2067"]
[BlackElo "1931"]
[PlyCount "86"]
[EventDate "2011.??.??"]

1. e4 g6 2. d4 Bg7 3. Nc3 c6 4. Nf3 d5 5. e5 h5 6. Bf4 Qb6 7. Na4 Qa5+ 8. c3
Nh6 9. b4 Qd8 10. Qd2 Nf5 11. Bd3 a5 12. b5 cxb5 13. Bxb5+ Bd7 14. Rb1 Bc6 15.
O-O e6 16. Bxc6+ bxc6 17. Rb7 Nd7 18. Rfb1 O-O 19. Ne1 Re8 20. Nd3 Bf8 21. h3
Rb8 22. Rxb8 Nxb8 23. Bg5 Qc8 24. g4 Ng7 25. Nac5 Bxc5 26. Nxc5 Nd7 27. Bf6 Kh7
28. Rb7 Rd8 29. Rxd7 Rxd7 30. Bxg7 Kxg7 31. Nxd7 Qxd7 32. gxh5 Qe7 33. hxg6
Kxg6 34. Qf4 Kg7 35. h4 Qb7 36. Qf6+ Kf8 37. Qd8+ Kg7 38. Qg5+ Kf8 39. Qd8+ Kg7
40. Qxa5 Qb1+ 41. Kh2 Qf1 42. Kg3 Qg1+ 43. Kf3 Qd1+ 1/2-1/2

[Event "SR 3. liga A2 2011/2012"]
[Site "?"]
[Date "2012.01.08"]
[Round "6.1"]
[White "Bincik, Pavol"]
[Black "Bahna, Jan"]
[Result "1/2-1/2"]
[WhiteElo "1916"]
[BlackElo "1977"]
[PlyCount "45"]
[EventDate "2011.??.??"]

1. d4 d5 2. c4 e6 3. Nc3 Nf6 4. Bg5 Be7 5. e3 h6 6. Bh4 O-O 7. Nf3 a6 8. cxd5
exd5 9. Be2 c6 10. O-O Nbd7 11. a3 Re8 12. b4 Ne4 13. Bxe7 Qxe7 14. Nxe4 dxe4
15. Nd2 Nb6 16. Re1 f5 17. Nc4 Nxc4 18. Bxc4+ Be6 19. Qb3 Qf7 20. Bxe6 Rxe6 21.
a4 Rd8 22. g3 Rd5 23. Rac1 1/2-1/2

[Event "SR 3. liga A2 2011/2012"]
[Site "?"]
[Date "2012.01.08"]
[Round "6.1"]
[White "Halas, Miroslav"]
[Black "Nemsak, Denis"]
[Result "0-1"]
[WhiteElo "1946"]
[BlackElo "1916"]
[PlyCount "220"]
[EventDate "2011.??.??"]

1. e4 d5 2. exd5 Nf6 3. d4 Nxd5 4. c4 Nb6 5. Bf4 g6 6. Be5 f6 7. Bg3 Bg7 8. h3
O-O 9. Nf3 Be6 10. d5 Bf7 11. Nc3 c6 12. Qb3 e5 13. Rd1 cxd5 14. cxd5 Re8 15.
Bb5 N8d7 16. Ne4 Bf8 17. O-O h6 18. Bxd7 Nxd7 19. Qxb7 f5 20. Qxd7 fxe4 21.
Qxd8 Raxd8 22. Nxe5 Bxd5 23. Nxg6 Bc5 24. b3 e3 25. fxe3 Bxe3+ 26. Bf2 Bg5 27.
Bxa7 Be4 28. Rxd8 Rxd8 29. Ne5 Ra8 30. Rf7 Rxa7 31. Rxa7 Be3+ 32. Kf1 Bxa7 33.
b4 Bd4 34. Ng4 h5 35. Nf2 Bc6 36. Nd3 Kf7 37. g3 Bb5 38. Ke2 Be5 39. a4 Bc4 40.
g4 h4 41. Ke3 Bc3 42. Ke4 Ke6 43. Nf4+ Kd6 44. b5 Bb3 45. g5 Bxa4 46. Ng2 Bxb5
47. Nxh4 Ke6 48. Nf3 Kf7 49. Ne5+ Kg7 50. h4 Be2 51. Kf5 Be1 52. Kf4 Bxh4 53.
Nf3 Bf2 54. Ne5 Bd1 55. Ng4 Bb6 56. Ne3 Bb3 57. Ng4 Bc7+ 58. Kf5 Bc2+ 59. Ke6
Kg6 60. Ne5+ Kxg5 61. Nf3+ Kf4 62. Nd4 Bd1 63. Kd5 Ba5 64. Ne6+ Kf5 65. Nd4+
Kf6 66. Kd6 Bg4 67. Kd5 Bb6 68. Ke4 Bc8 69. Nb3 Bb7+ 70. Kd3 Ke5 71. Kc4 Ba6+
72. Kb4 Kd5 73. Kc3 Bf2 74. Kd2 Bb5 75. Nc1 Bc5 76. Nd3 Bb6 77. Nb4+ Kc4 78.
Nd3 Ba5+ 79. Ke3 Bb6+ 80. Kd2 Kd4 81. Nb2 Ba5+ 82. Kc2 Bc6 83. Kb3 Bc3 84. Nd1
Bd5+ 85. Kc2 Bb4 86. Nb2 Be6 87. Nd1 Ba3 88. Nb2 Bc5 89. Na4 Bd6 90. Nb2 Kc5
91. Nd3+ Kc4 92. Nb2+ Kb4 93. Nd3+ Ka3 94. Kc3 Be7 95. Ne5 Bf6 96. Kd4 Kb3 97.
Ke4 Kc3 98. Nd3 Bc8 99. Nf4 Kc4 100. Nd5 Bd8 101. Ne3+ Kc5 102. Kd3 Bb7 103.
Nc2 Ba5 104. Ne3 Bf3 105. Nc2 Bh5 106. Ke3 Kc4 107. Kf4 Kd3 108. Ne3 Bd2 109.
Kg5 Be8 110. Kf6 Bxe3 0-1

[Event "SR 3. liga A2 2011/2012"]
[Site "?"]
[Date "2012.01.08"]
[Round "6.1"]
[White "Strapko, Tomas"]
[Black "Krist, Milan"]
[Result "0-1"]
[WhiteElo "1932"]
[BlackElo "1990"]
[PlyCount "80"]
[EventDate "2011.??.??"]

1. d4 d5 2. c4 e5 3. dxe5 d4 4. e4 c5 5. Nf3 Nc6 6. h3 Nge7 7. Bg5 Qc7 8. Nbd2
Ng6 9. a3 Ncxe5 10. Nh4 h6 11. Nxg6 Nxg6 12. Bxh6 Rxh6 13. g3 Bd6 14. Qe2 Bd7
15. Bg2 O-O-O 16. b4 Re8 17. O-O Bxh3 18. bxc5 Bxc5 19. Nb3 Bxg2 20. Kxg2 Reh8
21. Qg4+ Kb8 22. Rh1 Rxh1 23. Rxh1 Rxh1 24. Kxh1 b6 25. f4 d3 26. Kg2 Bf8 27.
Kf2 Qxc4 28. Nd2 Qc2 29. Qd7 Qxd2+ 30. Kg1 Qe3+ 31. Kh2 Qxe4 32. Qd8+ Kb7 33.
Qd7+ Ka6 34. Qc8+ Kb5 35. Qd7+ Kc5 36. Qc8+ Kd4 37. Qd7+ Ke3 38. Qxa7 d2 39.
Qxb6+ Ke2 40. Qb5+ Ke1 0-1

[Event "SR 3. liga A2 2011/2012"]
[Site "?"]
[Date "2012.01.08"]
[Round "6.1"]
[White "Mosny, Jaroslav"]
[Black "Slaby, Jozef"]
[Result "1-0"]
[WhiteElo "1941"]
[BlackElo "1856"]
[PlyCount "61"]
[EventDate "2011.??.??"]

1. d4 d5 2. Nf3 Nf6 3. e3 e6 4. Bd3 Nbd7 5. b3 Bb4+ 6. c3 Be7 7. Nbd2 c5 8. O-O
b6 9. Bb2 Bb7 10. Ne5 O-O 11. f4 Ne4 12. Rf3 Ndf6 13. Rh3 Rc8 14. g4 g6 15.
Ndf3 cxd4 16. cxd4 Nc3 17. Qe1 Nce4 18. Qe2 Rc7 19. Kh1 Bb4 20. Rg1 Kh8 21. g5
Nh5 22. Ng4 Bd6 23. Nfe5 Bxe5 24. Nxe5 Nd6 25. Ba3 Re8 26. Bxd6 Qxd6 27. Rxh5
gxh5 28. Qxh5 Kg8 29. Qh6 f6 30. gxf6+ Kh8 31. f7 1-0

[Event "SR 3. liga A2 2011/2012"]
[Site "?"]
[Date "2012.01.08"]
[Round "6.1"]
[White "Masar, Michal"]
[Black "Hagara, Vladimir"]
[Result "1/2-1/2"]
[WhiteElo "1810"]
[BlackElo "1927"]
[PlyCount "90"]
[EventDate "2011.??.??"]

1. d4 d5 2. Nf3 Nf6 3. Bf4 e6 4. e3 c5 5. c3 Nc6 6. Bd3 Bd7 7. h3 Be7 8. Nbd2
O-O 9. Qe2 c4 10. Bc2 b5 11. b3 Qa5 12. O-O Rfc8 13. b4 Qd8 14. a4 a6 15. Ne5
Be8 16. Nxc6 Bxc6 17. Rfe1 g6 18. e4 dxe4 19. Bg5 Qc7 20. Bxf6 Bxf6 21. a5 Re8
22. Nxe4 Bg7 23. Rad1 Rad8 24. Nc5 Qc8 25. f4 Bd5 26. Be4 Kf8 27. Qf3 Rd6 28.
Re2 Red8 29. Rde1 Bxe4 30. Qxe4 Rd5 31. g4 Kg8 32. Kg2 Bf8 33. Re3 Bxc5 34.
dxc5 Qd7 35. Rf1 Kf8 36. Rf2 Qc7 37. f5 exf5 38. gxf5 Rd2 39. Ref3 Rxf2+ 40.
Rxf2 Rd3 41. Qh4 Qc6+ 42. Kh2 Qc7+ 43. Kg2 Qc6+ 44. Kh2 Qc7+ 45. Kg2 Qc6+
1/2-1/2

[Event "SR 3. liga A2 2011/2012"]
[Site "?"]
[Date "2012.01.08"]
[Round "6.2"]
[White "Danada, Tomas"]
[Black "Malar, Pavol"]
[Result "1/2-1/2"]
[WhiteElo "2062"]
[BlackElo "2102"]
[PlyCount "118"]
[EventDate "2011.??.??"]

1. e4 e6 2. d4 d5 3. Nc3 Bb4 4. Bd2 dxe4 5. Qg4 Nf6 6. Qxg7 Rg8 7. Qh6 b6 8.
O-O-O Bb7 9. a3 Be7 10. Nge2 Nbd7 11. h3 Rg6 12. Qe3 c5 13. Nf4 Rg8 14. dxc5 e5
15. Nfd5 Nxd5 16. Nxd5 Bxd5 17. Qh6 Qc7 18. Be3 Qc6 19. Bb5 Qxb5 20. Rxd5 O-O-O
21. Rhd1 Nxc5 22. Rxd8+ Rxd8 23. Rxd8+ Kxd8 24. Qg7 Qc4 25. Kb1 Qd5 26. Qxh7
Ke8 27. h4 Qd1+ 28. Bc1 Qh1 29. h5 Ne6 30. Qh8+ Kd7 31. h6 Bg5 32. h7 Bxc1 33.
Qg8 Bh6+ 34. Ka2 Bg7 35. Qxf7+ Kd6 36. Qxa7 Qxh7 37. Qxb6+ Ke7 38. a4 e3 39.
Qb7+ Kf6 40. Qf3+ Ke7 41. Qb7+ Kf6 42. Qf3+ Qf5 43. fxe3 Qxf3 44. gxf3 Bh6 45.
e4 Kg5 46. Kb3 Nd4+ 47. Kc4 Kf4 48. a5 Kxf3 49. a6 Nc6 50. Kd5 Nb4+ 51. Kxe5
Nxa6 52. Kf5 Bc1 53. b3 Nb4 54. c3 Nc6 55. b4 Bd2 56. b5 Na5 57. e5 Bxc3 58. e6
Bb4 59. Kf6 Nc4 1/2-1/2

[Event "SR 3. liga A2 2011/2012"]
[Site "?"]
[Date "2012.01.08"]
[Round "6.2"]
[White "Krajcovic, Branislav"]
[Black "Spacek, Oliver"]
[Result "0-1"]
[WhiteElo "2048"]
[BlackElo "1907"]
[PlyCount "114"]
[EventDate "2011.??.??"]

1. e4 c5 2. Nc3 a6 3. Nf3 b5 4. d4 cxd4 5. Nxd4 Bb7 6. a3 e6 7. Bd3 Bc5 8. Nb3
Be7 9. O-O d6 10. f4 Nd7 11. Be3 Ngf6 12. Qf3 h5 13. Kh1 h4 14. Nd4 Rc8 15.
Rae1 Qc7 16. Qh3 g6 17. f5 gxf5 18. exf5 e5 19. Nb3 Rg8 20. Rf2 d5 21. Bf1 Ng4
22. Rfe2 Kf8 23. Bf2 Nxf2+ 24. Rxf2 Nf6 25. Rfe2 Ng4 26. Rd2 Bg5 27. Rde2 Bf6
28. Nd1 d4 29. c3 d3 30. Qxd3 e4 31. Qh3 Qf4 32. Nd2 Qxf5 33. Nxe4 Bxe4 34.
Rxe4 Rd8 35. Bd3 Qd7 36. Bc2 Qxd1 37. Bxd1 Nf2+ 38. Kg1 Nxh3+ 39. Kf1 Ng5 40.
Rf4 h3 41. g3 Kg7 42. Bg4 Rd2 43. Re2 Rd1+ 44. Re1 Rxe1+ 45. Kxe1 Be5 46. Rf2
Rd8 47. Re2 f6 48. Re3 a5 49. Be2 Rb8 50. Rd3 Kh6 51. Kd2 b4 52. axb4 axb4 53.
cxb4 Rxb4 54. b3 Bxg3 55. Rxg3 Ne4+ 56. Ke1 Nxg3 57. hxg3 h2 0-1

[Event "SR 3. liga A2 2011/2012"]
[Site "?"]
[Date "2012.01.08"]
[Round "6.2"]
[White "Jozefek, Michal"]
[Black "Majtan, Martin"]
[Result "1-0"]
[WhiteElo "1910"]
[BlackElo "1857"]
[PlyCount "81"]
[EventDate "2011.??.??"]

1. d4 d5 2. c4 c6 3. Nf3 Nf6 4. e3 Bg4 5. Qb3 Qc7 6. Ne5 Nbd7 7. Nxg4 Nxg4 8.
Be2 Ngf6 9. cxd5 Nxd5 10. Nc3 e6 11. h3 N7f6 12. O-O Bd6 13. Bf3 O-O 14. e4
Nxc3 15. bxc3 e5 16. Rb1 b6 17. Qc2 b5 18. g3 Rab8 19. Bg2 b4 20. f4 exd4 21.
cxd4 Be7 22. e5 Nd7 23. Qxc6 Qd8 24. Bb2 Nb6 25. Rbc1 Rc8 26. Qb5 Rb8 27. Kh2
Na8 28. Qc6 Rb6 29. Qxa8 Qxa8 30. Bxa8 Rxa8 31. d5 Rb5 32. d6 Bf8 33. Rfd1 Rd8
34. Kg2 Ra5 35. Rd4 Rxa2 36. Rxb4 a5 37. Rb7 a4 38. Rc3 h6 39. Kf3 Ra8 40. Ra3
Rxa3+ 41. Bxa3 1-0

[Event "SR 3. liga A2 2011/2012"]
[Site "?"]
[Date "2012.01.08"]
[Round "6.2"]
[White "Spacek, Marcel"]
[Black "Jancicka, Viliam"]
[Result "1-0"]
[WhiteElo "1818"]
[BlackElo "1890"]
[PlyCount "143"]
[EventDate "2011.??.??"]

1. d4 Nf6 2. c4 e6 3. g3 Bb4+ 4. Bd2 c5 5. Nf3 Nc6 6. Bxb4 cxb4 7. Bg2 d5 8.
Nbd2 O-O 9. O-O Re8 10. Qb3 a5 11. Rfd1 a4 12. Qc2 Bd7 13. e4 dxe4 14. Nxe4
Nxe4 15. Qxe4 Ra5 16. c5 Qc7 17. Rac1 Ne7 18. Ne5 Bc6 19. Qf4 Nd5 20. Qd2 Rb5
21. Bf1 Ra5 22. Nc4 Raa8 23. Nd6 Red8 24. Bg2 Qa5 25. Qe2 b3 26. a3 Rd7 27. Qd3
Qc7 28. Be4 g6 29. Bxd5 Bxd5 30. Ne4 Kg7 31. Nd6 Qd8 32. Nc4 Ra6 33. Nb6 Rc7
34. Nxd5 Qxd5 35. Qe3 Rac6 36. Rd3 b6 37. Rdc3 bxc5 38. dxc5 Rd7 39. Rc4 Ra6
40. Qf4 Qc6 41. Qe5+ f6 42. Qc3 Ra8 43. Rd4 Rad8 44. Rxd7+ Rxd7 45. Qa5 e5 46.
Qb6 Rc7 47. Qxc6 Rxc6 48. Rc4 Kf7 49. Rxa4 Rxc5 50. Rb4 Ke6 51. Rxb3 Kd5 52.
Rb4 g5 53. g4 e4 54. Kg2 Ke5 55. Kg3 Rd5 56. a4 Rd3+ 57. Kg2 f5 58. Rb5+ Kf4
59. gxf5 h5 60. f6 h4 61. h3 g4 62. hxg4 Kxg4 63. Rb4 h3+ 64. Kh2 Kf3 65. f7
Rd8 66. Kg1 h2+ 67. Kh1 Kxf2 68. Rxe4 Kf3 69. Re1 Kf2 70. Rc1 Kg3 71. Rc3+ Kf2
72. Kxh2 1-0

[Event "SR 3. liga A2 2011/2012"]
[Site "?"]
[Date "2012.01.08"]
[Round "6.2"]
[White "Niznansky, Lukas"]
[Black "Skapik, Branislav"]
[Result "0-1"]
[WhiteElo "1740"]
[BlackElo "1848"]
[PlyCount "80"]
[EventDate "2011.??.??"]

1. e4 d5 2. exd5 Nf6 3. Nc3 Nxd5 4. Nf3 Bg4 5. h3 Bh5 6. d4 e6 7. Be2 Nd7 8.
O-O Be7 9. Nxd5 exd5 10. Re1 O-O 11. Bf4 Re8 12. Qd2 Bg6 13. Bd3 Bxd3 14. Qxd3
Nf6 15. Ne5 Bd6 16. Qg3 Nh5 17. Qg4 Nxf4 18. Qxf4 f6 19. Qf3 fxe5 20. Qxd5+ Kh8
21. dxe5 Bb4 22. Qxd8 Raxd8 23. c3 Bc5 24. Re2 Kg8 25. Rae1 Re6 26. Kh1 Rf8 27.
f3 Rf5 28. Re4 g5 29. b4 Bf2 30. R1e2 Bg3 31. Kg1 Rfxe5 32. Rxe5 Rxe5 33. Rxe5
Bxe5 34. c4 Kf7 35. Kf2 Ke6 36. g4 Bc3 37. b5 Ke5 38. Ke3 Bb4 39. a4 Bc5+ 40.
Kd2 Kf4 0-1

[Event "SR 3. liga A2 2011/2012"]
[Site "?"]
[Date "2012.01.08"]
[Round "6.2"]
[White "Pericka, Pavol"]
[Black "Tupy, Bystrik"]
[Result "1-0"]
[WhiteElo "1743"]
[BlackElo "1514"]
[PlyCount "105"]
[EventDate "2011.??.??"]

1. e4 e5 2. Nf3 Nc6 3. Bc4 h6 4. Nc3 Bb4 5. O-O d6 6. h3 Nf6 7. d3 Be6 8. Nd5
Bxd5 9. exd5 Ne7 10. c3 Ba5 11. Qa4+ c6 12. dxc6 bxc6 13. Re1 O-O 14. Bb3 Bb6
15. Qh4 Ng6 16. Qg3 Nh5 17. Qxg6 Nf4 18. Bxf4 exf4 19. Nh2 Qh4 20. d4 c5 21.
Nf3 Qd8 22. Qe4 Qf6 23. Qe7 Qg6 24. Ba4 cxd4 25. Nxd4 Bxd4 26. cxd4 f3 27. g3
Qh5 28. Kh2 Qd5 29. Qe4 Qa5 30. Bc6 Rac8 31. d5 Qd2 32. Qxf3 Qxb2 33. Kg2 g6
34. Qe3 Kg7 35. Qxa7 Qc3 36. Rac1 Qb2 37. a4 h5 38. a5 g5 39. a6 Kg6 40. Qe3 h4
41. g4 f5 42. Qe6+ Kg7 43. Qxd6 fxg4 44. Re7+ Rf7 45. Rxf7+ Kxf7 46. Qe6+ Kg7
47. Qxc8 gxh3+ 48. Qxh3 Qxc1 49. a7 Qf4 50. a8=Q Qe4+ 51. Qf3 h3+ 52. Kg3 Qe5+
53. Kxh3 1-0

[Event "SR 3. liga A2 2011/2012"]
[Site "?"]
[Date "2012.01.08"]
[Round "6.2"]
[White "Janas, Peter"]
[Black "Ocko, Martin"]
[Result "1-0"]
[WhiteElo "1000"]
[BlackElo "1524"]
[PlyCount "105"]
[EventDate "2011.??.??"]

1. d4 Nf6 2. c4 g6 3. Nf3 Bg7 4. Nc3 O-O 5. e4 d6 6. Be2 Nbd7 7. h3 e5 8. d5 h6
9. Be3 Kh7 10. Nh2 a6 11. Ng4 Nxg4 12. hxg4 Rh8 13. Qd2 Kg8 14. O-O-O g5 15.
Rh2 f6 16. Rdh1 Nf8 17. Kb1 Ng6 18. g3 Bd7 19. f3 Qe8 20. Bd3 Qe7 21. Qc2 b6
22. Ne2 Qe8 23. Nc3 Qe7 24. Qd1 Rb8 25. Ka1 Qe8 26. Be2 Qe7 27. Qd2 b5 28. Rc1
b4 29. Nb1 a5 30. c5 Bb5 31. cxd6 cxd6 32. Bxb5 Rxb5 33. Rc6 Kh7 34. Qc1 Rd8
35. Rhc2 a4 36. R2c4 Rd7 37. Rb6 Rb7 38. Rxb5 Rxb5 39. Rc7 Qd8 40. Qc6 Rb8 41.
Rd7 Qa5 42. Qxd6 Rf8 43. Bc5 Rg8 44. Bxb4 Qb5 45. a3 Qe2 46. Qxf6 Qg2 47. Rf7
Qxg3 48. Qf5 Qg1 49. Be7 Qb6 50. d6 Rb8 51. Rxg7+ Kxg7 52. Qf6+ Kh7 53. Qf7+
1-0